Normal view
MARC view
- Alkis Constantinides, Navid Mostoufi
Entry Personal Name
001 - CONTROL NUMBER
- control field: 127637
003 - CONTROL NUMBER IDENTIFIER
- control field: NUST
005 - DATE AND TIME OF LATEST TRANSACTION
- control field: 20250117104544.0
008 - FIXED-LENGTH DATA ELEMENTS
- fixed length control field: 250117|| aca||aabn | a|a d
040 ## - CATALOGING SOURCE
- Original cataloging agency: NUST
- Transcribing agency: NUST
100 ## - HEADING--PERSONAL NAME
- Personal name: Alkis Constantinides, Navid Mostoufi
670 ## - SOURCE DATA FOUND
- Source citation: Work cat.: (NUST)564555: Alkis Constantinides, Navid Mostoufi, Numerical Methods for Chemical Engineers with Matlab Applications /, 1999
